| 000 | 00445nab a2200145Ia 4500 | ||
|---|---|---|---|
| 003 | ES-SlBCS | ||
| 005 | 20210601125452.0 | ||
| 008 | 140529s1984-85 xxu||||| |||| 00| 0 eng d | ||
| 041 | _aeng | ||
| 100 | 1 |
_aGilead, Amihud _9142304 |
|
| 245 | 0 | 0 |
_aTeleological Time: A Variation on a Kantian Theme _c Amihud Gilead |
| 650 | 0 | 4 |
_aTiempo Teleológico _9159009 |
| 773 | 0 |
_tReview of Methaphysics _gvol. 38, 1984-85, págs. 529-562 _wRev843 |
|
| 942 | _cAR | ||
| 999 |
_c530834 _d530834 |
||